000 05220cam a22005297i 4500
999 _c128209
_d128209
001 19077156
003 ARRUPE
005 20180920142500.0
008 160427s2017 enkab b 001 0 eng d
010 _a 2016939850
020 _a0198744803 (hardcover)
020 _a9780198744801 (hardcover)
020 _a0198744811 (paperback)
020 _a9780198744818 (paperback)
035 _a(OCoLC)ocn971221820
040 _aYDX
_beng
_cYDX
_erda
_dINU
_dCUT
_dDLC
042 _alccopycat
043 _ad------
050 0 0 _aHC59.72.P6
_bM43 2017
082 0 4 _a362.5/091724
_223
245 0 0 _aMeasuring poverty and wellbeing in developing countries /
_cedited by Channing Arndt and Finn Tarp, A study prepared by the United Nations University World Institute for Development Economics Research (UNU-WIDER).
246 1 4 _aMeasuring poverty & wellbeing in developing countries
246 3 3 _aMeasuring poverty and well-being in developing countries
250 _aFirst edition.
260 _aOxford
_bOxford University Press
_c2017
300 _axxiv, 347 pages :
_billustrations, maps ;
_c24 cm.
490 0 _aUNU-WIDER studies in development economics
500 _a"A study prepared by the United Nations University World Institute for Development Economics Research (UNU-WIDER)."
504 _aIncludes bibliographical references and index.
505 0 0 _gpart 1.
_tPrinciples and choices.
_tMeasuring poverty and wellbeing in developing countries : motivation and overview /
_rChanning Arndt and Finn Tarp --
_tAbsolute poverty lines /
_rChanning Arndt, Kristi Mahrt, and Finn Tarp --
_tMultidimensional first-order dominance comparisons of population wellbeing /
_rNikolaj Siersboek, Lars Peter Ă˜sterdal, and Channing Arndt --
_tEstimation in practice /
_rChanning Arndt and Kristi Mahrt. --
_gpart 2.
_tCountry applications.
_tEstimating utility-consistent poverty in Ethiopia, 2000-11 /
_rDavid Stifel and Tassew Woldehanna --
_tEstimating utility-consistent poverty in Madagascar, 2001-10 /
_rDavid Stifel, Tiaray Razafimanantena, and Faly Rakotomanana --
_tMethods matter : the sensitivity of Malawian poverty estimates to definitions, data, and assumptions /
_rUlrik Beck, Richard Mussa, and Karl Pauw --
_tA review of consumption poverty estimation for Mozambique /
_rChanning Arndt, Sam Jones, Kristi Mahrt, Vincenzo Salvucci, and Finn Tarp --
_tPoverty trends in Pakistan /
_rEdward Whitney, Hina Nazli, and Kristi Mahrt --
_tUganda : a new set of utility-consistent poverty lines /
_rBjorn Van Campenhout, Haruna Sekabira, and Fiona Nattembo --
_tEstimating multidimensional childhood poverty in the Democratic Republic of Congo : 2007 through 2013 /
_rKristi Mahrt and Malokele Nanivazo --
_tChild deprivation and income poverty in Ghana /
_rRaymond Elikplim Kofinti and Samuel Kobina Annim --
_tMeasuring multidimensional poverty in Nigeria /
_rOlu Ajakaiye, Afeikhena T. Jerome, Olanrewaju Olaniyan, Kristi Mahrt, and Olufunke A. Alaba --
_tMultidimensional assessment of child welfare for Tanzania /
_rChanning Arndt, Vincent Leyaro, Kristi Mahrt, and Finn Tarp --
_tEstimating multidimensional poverty in Zambia /
_rKristi Mahrt and Gibson Masumbu. --
_gpart 3.
_tSumming-up and lessons learnt.
_tSynthesis /
_rChanning Arndt, Kristi Mahrt, and Finn Tarp --
_tKeep it real : measuring real inequality using survey data from developing countries /
_rUlrik Beck --
_tConclusions and looking forward /
_rChanning Arndt and Finn Tarp. --
_gappendix A.
_tUser guide to Poverty Line Estimation Analytical Software--PLEASe /
_rChanning Arndt, Ulrik Beck, M. Azhar Hussain, Kristi, Mahrt, Kenneth Simler, and Finn Tarp --
_gappendix B.
_tUser guide to Estimating First-Order Dominance software (EFOD) /
_rChanning Arndt and Kristi Mahrt.
520 2 _a"This book focuses on two domains: the measurement of absolute consumption poverty and a first-order dominance approach to multidimensional welfare analysis. In each domain, it provides a series of computer codes designed to facilitate analysis by allowing the analyst to start from a flexible and known base. The volume covers the theoretical grounding for the code streams provided, a chapter on 'estimation in practice', and a series of 11 case studies where the code streams are operationalized, as well as a synthesis, an extension to inequality, and a look forward."--Page [4] of cover.
650 0 _aPoor
_zDeveloping countries.
_942390
650 0 _aPoverty
_xMeasurement.
_942391
650 0 _aWell-being
_zDeveloping countries.
_942392
650 0 _aWell-being
_xMeasurement.
_942393
700 1 _aArndt, Channing,
_eeditor,
_econtributor.
_942394
700 1 _aTarp, Finn,
_d1951-
_eeditor,
_econtributor.
_942395
710 2 _aWorld Institute for Development Economics Research,
_eissuing body.
_942160
906 _a7
_bcbc
_ccopycat
_d2
_encip
_f20
_gy-gencatlg
942 _2lcc
_cMONOGRAPH